Reflexiones sobre el desarrollo comunal

Guardado en:
Bibliografiske detaljer
Institution som forfatter: Dirección Nacional de Desarrollo de la Comunidad
Format: Texto
Udgivet: San José: La Dirección
Tags: Tilføj Tag
Ingen Tags, Vær først til at tagge denne postø!

MARC

LEADER 00000 a a2200000 04500
001 16532
003
040
090 |a EXTRAVIADO  
110 |a Dirección Nacional de Desarrollo de la Comunidad  
245 |a Reflexiones sobre el desarrollo comunal  
260 |a San José:   |b La Dirección  
300 |a 23 p  
999 |c 13851  |d 13851